Compendio de psicofisiología /

Guardado en:
Autor Principal: Ballús, C
Otros Autores: Sánchez Turet, M., Vallejo, J., Falcó, P.
Formato: Libro
Idioma:Spanish
Publicado: Madrid : [s. n.], [197?]
Etiquetas: Agregar Etiqueta
Sin Etiquetas, Sea el primero en etiquetar este registro!
LEADER 00475nam a22001575a 4500
001 DER.der001608
005 20060523000000.0
008 180615s----####||||||||||||||||||||spa||
100 1 |a Ballús, C 
245 1 0 |a Compendio de psicofisiología /  |c C Ballús , M. Sánchez Turet, J. Vallejo, P. Falcó 
260 |a Madrid :  |b [s. n.],  |c [197?] 
300 0 |a 412 p. 
700 1 |a Sánchez Turet, M. 
700 1 |a Vallejo, J. 
700 1 |a Falcó, P. 
859 |a DERECHO  |b BIB. DERECHO  |h 152  |i BAL  |p 003673